| 000 | 01286 a2200169 4500 | ||
|---|---|---|---|
| 003 | Nust | ||
| 005 | 20170207153455.0 | ||
| 040 | _cNust | ||
| 082 | _a914.7 | ||
| 100 | _a Gunther, John, | ||
| 245 |
_aInside Russia today. _c Gunther, John, 1901-1970. |
||
| 260 |
_a: New York _b, Harper & Row _c [1962] |
||
| 300 |
_a604 p. illus _b. 22 cm. |
||
| 505 | _aGetting in (page-25) Moscow – size (page-50) Moe About the Third Rome (Page-74) Some Soviet Attitudes (Page-94) The Party Circuit (page-108) Khrushchev At the Top (Page-124) More Demi-gods and Thanes (page-151) A History of Russia in Half an Hour (Page-171) The Soviet Union Has Fifteen Republics (Page-196) Government and Party (Page-222) What’s Going on (Page-240) Hungary and After (Page-266) New Worlds in Science and Education (Page-282) Writers Under Socialist Realism (Page-314) Ballet (page-337) Some Social Patterns (page-359) Aspects of The Economic Picture (page-285) The Soviet Armed Forces (Page-410) What Has Russia Got? (Page-434) Leningrad and Kiev (Page-434) Across the Black Sea the Caucasus (Page-457) Antique Worlds of Central Asia (Page-482) The Russians Gamble for the World (Page-508) Peace , Co-Existence ,and the United ) (Page-527) | ||
| 538 | _aAlmirah No.60 Shelf No.1 | ||
| 650 | _aInside Russia today. | ||
| 942 |
_2ddc _cBK |
||
| 999 |
_c187069 _d187069 |
||